000 00813nam a2200253Ia 4500
003 OSt
005 20220923224605.0
006 a|||||r|||| 00| 0
007 ta
008 Pun
020 _c120
024 _a244,058
037 _b309, 08/10/2010, H.K. Prakashan
_cTextual
040 _aARTS
_cARTS
_bPun
041 _2Pun
_aPun
082 _aO153,3N35,TL, P7
100 _aਟਿਵਾਣਾ, ਦਲੀਪ ਕੌਰ
245 0 _aਤੀਨ ਲੋਕ ਸੇ ਨਿਆਰੀ
260 _aਪਟਿਆਲਾ
_b ਸਿਮਰਨ ਪਬਲਿਕੇFਰਗ਼
_c2007
300 _a108ਪੰ
_ccm.
650 _aਪੰਜਾਬੀ ਸਾਹਿਤ
942 _hO153,3N35,TL, P7
_cTEXL
_2CC
999 _c372386
_d372386